Beauty unlimited (Record no. 46450)
[ view plain ]
| 000 -LEADER | |
|---|---|
| fixed length control field | 01472nam a2200349 a 4500 |
| 082 04 - DEWEY DECIMAL CLASSIFICATION NUMBER | |
| Classification number | 306.4 |
| 245 00 - TITLE STATEMENT | |
| Title | Beauty unlimited |
| 260 ## - PUBLICATION, DISTRIBUTION, ETC. (IMPRINT) | |
| Place of publication | Bloomington : |
| Name of publisher | Indiana University Press, |
| Year of publication | c2012. |
| 300 ## - PHYSICAL DESCRIPTION | |
| Number of Pages | xv, 427 p. : |
| Other physical details | ill. |
| 505 0# - FORMATTED CONTENTS NOTE | |
| Formatted contents note | pt. 1. Revising the concept of beauty : laying the groundwork -- pt. 2. Standards of beauty -- pt. 3. The body in performance -- pt. 4. Beauty and the state. |
| 650 #0 - SUBJECT ADDED ENTRY--TOPICAL TERM | |
| Topical Term | Beauty, Personal. |
| Topical Term | Human body |
| Topical Term | Body image. |
| 700 1# - ADDED ENTRY--PERSONAL NAME | |
| Personal name | Brand, Peggy Zeglin. |
| 856 40 - ELECTRONIC LOCATION AND ACCESS | |
| Uniform Resource Identifier | http://site.ebrary.com/lib/rucke/Doc?id=10636961 |
No items available.
